00242nam a22000977a 4500008004100000082001300041100002100054245003300075260002700108300000900135230619b xxu||||| |||| 00| 0 eng d a150bMIL cGeorge A. Miller aPsychology and Communication aUSbForum Seriesc1974 a336p